| 000 | 01428cam a22001934a 4500 | ||
|---|---|---|---|
| 005 | 20250605164144.0 | ||
| 008 | 250528s ||||||||||||||||||||||||d | ||
| 035 | _a19067 | ||
| 020 | _a9604052284 | ||
| 040 |
_aGR-AtMCL _bgre _dGR-AtMCL _eAACR2 |
||
| 245 | 1 | _aΔυσλεξία / Η Παιδική Ασθένεια του Αιώνα μας | |
| 260 |
_bΊων, _c1990 |
||
| 300 | _a296 | ||
| 520 | _aΕισαγωγή, Στοιχεία Φυσιολογίας Κεντρικού Νευρικού Συστήματος, Ηλεκτροεγκεφαλογραφία, Εγκεφαλική Πλευρίωση, Λόγος και Μάθηση και Σκέψη, Εσωτερικός Λόγος, Ιστορικότητα της Δυσλεξίας, Ορισμός της Δυσλεξίας, Κλινική Περιγραφή της Δυσλεξίας, Εξετάσεις Δυσλεξικού Παιδιού, Ιατρικές Εξετάσεις, Διαγνωστική Δοκιμασία (Τέστ) για Δυσλεξικά Παιδιά, Παθογέννεση της Δυσλεξίας, Θεραπεία της Δυσλεξίας, Δυσλεξία στην Ελλάδα, Γενικές Παρατηρήσεις, Συμβουλές προς τους Γονείς, Επίλογος, Βιβλιογραφία. | ||
| 700 | 1 |
_aΚαρπάθιος Χρυσόστομος Εμμ _95330 |
|
| 942 | _cBK | ||
| 999 |
_c4350 _d4350 |
||